000 00879nam a2200265 a 4500
001 000024837
003 OSt
005 20201002031106.0
008 110204s1992 sp r 000 p spa d
020 _a9509256366
040 _aDO-SdBNP
_bspa
_cBNPHU
082 _aA861.44
_bV628a
100 1 _aVicari, Piero de,
_d1963-
_950980
245 1 0 _aAl filo de los nombres /
_cPiero de Vicari.
260 _a[España] :
_bAmarú Ediciones,
_c1992.
300 _a99 p. ;
_c18 cm.
490 _aTaller de expresión poética
500 _aAntología del taller de expresión poética de la dirección Municipal de cultura de la ciudad de San Nicolás Buenos Aires
590 _aInventariado, 2020/ YL
650 4 _aPoesía argentina
_93859
650 4 _aLiteratura argentina
_93860
830 _aTaller de expresión poética
_976714
910 _aEn proceso
942 _2ddc
_cLF1
999 _c24330
_d24330